00400nam a2200121Ia 4500008004100000245008500041260004500126260000900171300000900180500001300189650001300202856006300215170516s9999 xx 000 0 und d aPreparation of antioxidant film from Musa sapientum Linn. peel extract and fruit bAsian Journal of Pharmaceutical Sciences c2016 a11:1 aFebruary xPharmacy uhttp://www.sciencedirect.com/science/journal/18180876/11/1